Library Banner

Adab ki mahiyyat munsab aur tareef classkiyyat aur romaniyyat = ادب کی ماہیت منصب اور تعریف کل سکیت اور رومانیت : (Record no. 122204)

MARC details
000 -LEADER
fixed length control field 00573nam a22001457a 4500
005 - DATE AND TIME OF LATEST TRANSACTION
control field 20210506150755.0
008 - FIXED-LENGTH DATA ELEMENTS--GENERAL INFORMATION
fixed length control field 210506b ||||| |||| 00| 0 eng d
040 ## - CATALOGING SOURCE
Transcribing agency PK-LaUMT
082 ## - DEWEY DECIMAL CLASSIFICATION NUMBER
Classification number RHC 891.4398
Item number YUS-A
100 ## - MAIN ENTRY--PERSONAL NAME
Personal name Yusuf Sirmust = یوسف سرمست
245 ## - TITLE STATEMENT
Title Adab ki mahiyyat munsab aur tareef classkiyyat aur romaniyyat = ادب کی ماہیت منصب اور تعریف کل سکیت اور رومانیت :
Remainder of title adab bara i adab = ادب برئے ادب /
Statement of responsibility, etc by
260 ## - PUBLICATION, DISTRIBUTION, ETC. (IMPRINT)
Place of publication, distribution, etc Hyderabad :
Name of publisher, distributor, etc Tamkeen Sirmast Academy,
Date of publication, distribution, etc 1983
300 ## - PHYSICAL DESCRIPTION
Extent 120 p.
942 ## - ADDED ENTRY ELEMENTS (KOHA)
Koha item type Books
Holdings
Withdrawn status Lost status Damaged status Home library Current library Date acquired Full call number Barcode Date last seen Price effective from Koha item type
      UMT Main Campus UMT Main Campus 2021-05-06 RHC 891.4398 YUS-A 137568 2021-05-06 2021-05-06 Books